US State Capitals (Redux) Quiz Stats

 Plays Quiz Updated Oct 25, 2012

Support Sporcle.
Go Orange.
Score 0/50 Timer 02:00
3 Plays Today
% Correct
???
40.2%
???
39.6%
???
39.5%
???
39.2%
???
39.1%
???
38.6%
???
38.5%
???
38%
???
38%
???
37.9%
???
37.4%
???
37.2%
???
37.1%
???
36.8%
???
36.8%
???
36.6%
???
36.4%
???
36.2%
???
36.2%
???
36.2%
???
36.1%
???
36%
???
36%
???
36%
???
35.9%
% Correct
???
35.6%
???
35.5%
???
35.5%
???
35.4%
???
35.4%
???
35.2%
???
35.2%
???
34.9%
???
34.7%
???
34.7%
???
34.5%
???
34.4%
???
34.3%
???
34.2%
???
33.9%
???
33.5%
???
33.4%
???
33.2%
???
32.7%
???
32.7%
???
32.6%
???
32%
???
31.5%
???
30%
???
28.7%

You're not logged in!

Compare scores with friends on all Sporcle quizzes.
OR
Log In

From the Vault

Chutes and Ladders

by apeminkie

Chutes just seem way easier. Let gravity do all the work.
Remove Ads.
Support Sporcle.
Get the best of Sporcle when you Go Orange. This ad-free experience offers more features, more stats, and more fun while also helping to support Sporcle. Thank you for becoming a member.

Show Comments

Extras

Top Quizzes Today


Score Distribution

Your Account Isn't Verified!

In order to create a playlist on Sporcle, you need to verify the email address you used during registration. Go to your Sporcle Settings to finish the process.

Report this User

Report this user for behavior that violates our Community Guidelines.

Details: